| 000 | 00589nam a2200205 u 4500 | ||
|---|---|---|---|
| 005 | 20240702063823.0 | ||
| 008 | 121019s2004 es r 000 0 spa d | ||
| 020 | _a846674004X | ||
| 035 | _aUPN01000187737 | ||
| 049 | _aI | ||
| 050 | 4 |
_aTT160 _bS6.6 |
|
| 100 | 1 |
_aSolchaga Zubillaga, Javier _933194 |
|
| 245 | 1 | 0 |
_aPersonajes de cuento / _cJavier Solchaga. |
| 260 |
_aMadrid : _bAnaya, _c2004. |
||
| 300 |
_a36 p. : _bprincipalmente il. col. |
||
| 440 | 0 |
_aSopa de libros. _pRecicla y construye ; _v3 |
|
| 650 | 4 |
_aTrabajos manuales _910048 |
|
| 905 | _aInfantil | ||
| 999 |
_c159840 _d159840 |
||